Statistiques concernant Les 20 villes les plus peuplées des Landes sur une carte

Cliquez ici pour prendre le quiz!

Statistiques générales

  • Ce quiz a été pris 59 fois
  • Le résultat moyen est 9 sur 20

Réponses sur la Carte

Les réponses sont colorées sur une échelle allant du rouge au vert en fonction du pourcentage des utilisateurs qui les ont devinées à leur premier essai. Vous pouvez retrouver ces pourcentages ci-dessous.
 

Statistiques - réponses

Pop.Réponse% Correct
30 674Mont-de-Marsan
95%
21 347Dax
88%
7 364Mimizan
73%
14 551Biscarosse
70%
9 185Capbreton
60%
14 317Saint-Paul-les-Dax
60%
12 920Tarnos
50%
6 220Aire-sur-l'Adour
43%
3 900Seignosse
43%
4 620Hagetmau
38%
9 871Saint-Pierre-du-Mont
38%
8 421Soustons
38%
7 007Labenne
35%
4 983Saint-Sever
35%
7 956Saint-Vincent-de-Tyrosse
35%
5 855Ondres
23%
4 989Morcenx-la-Nouvelle
20%
4 582Sanguinet
20%
7 195Parentis-en-Born
18%
6 076Saint-Martin-de-Seignanx
18%

Distribution des résultats

Percentile par nombre de réponses

% des personnes avec chaque résultat

Votre développement - résultats

Vous n’avez pas pris ce quiz